| 000 | 00576nam a22001697a 4500 | ||
|---|---|---|---|
| 005 | 20251108165359.0 | ||
| 008 | 250721s1968 xx 000 0 ara d | ||
| 082 | 1 | 4 | _aم/016.091/يوس |
| 100 | 1 | _aعز الدين، يوسف | |
| 245 | 1 | 0 | _aمخطوطات عربية في مكتبة صوفيا الوطنية البلغارية (كيرل و ميتودي) / |
| 264 | 1 |
_aبغداد : _bالمجمع العلمي العراقي، _c1968. |
|
| 300 | _a1968 | ||
| 650 | 1 | 7 | _aالمخطوطات العربية |
| 650 | 1 | 7 | _aالفهارس |
| 942 |
_2ddc _cREF |
||
| 999 |
_c26512 _d26512 |
||